=LDR 00000nam 2200000 4500 =001 INLIS000000000021588 =005 20130612120433 =008 ***********************************Ind** =035 ##$$0010-061300000021588 =041 ##$$a Ind =082 ##$$a 813 =090 ##$$a 813, Pra d =100 ##$$a Prabowo, Dhanu Priyo =245 ##$$a Dewi Rara kanya, Dhanu Priyo Prabowo =260 ##$$a 2004 $b Jakarta =300 ##$$a 50 hlm, 21 cm =650 ##$$a Sastra Indonesia =850 ##$$a NBPNMAT